000 00992nam a22002057a 4500
003 OSt
005 20160620105553.0
008 150407b2011 slv spa
040 _cBMC
082 _a370.7284
100 1 _934539
_aRamírez García, Yolanda Lissette
245 1 0 _aPasantía de asistencia técnica, Sede Distrital Metapán, Ministerio de Educación
_b: informe final
_cYolanda Lissette Ramírez García
260 _aSanta Ana (El Salvador)
_bUniversidad Católica de El Salvador
_c2011
300 _a1 folleto (29 h.)
_bil. col.
_c28 cm
_e+ 1 disco compacto
500 _aPrecede al tít.: Universidad Católica de El Salvador, Facultad de Ciencias y Humanidades
502 _aTrabajo de graduación para optar al grado académico de Licenciatura en Ciencias de la Educación especialidad en Educación Parvularia.
650 2 4 _919100
_aEducación
_zEl Salvador
710 2 _91075
_aUniversidad Católica de El Salvador
_bFacultad de Ciencias y Humanidades
942 _2ddc
_cTG
999 _c21059
_d21059